000 00738nam a2200205Ia 4500
008 130821s1975 bo gr spa
040 _aCo-BoUCM
_bspa
041 0 0 _aspa
100 1 _aQuerejazu Calvo, Roberto.
245 1 0 _aMasamaclay historia política, diplomática y militar de la Guerra del Chaco
_cRoberto Querejazu Calvo
250 _a2. ed.
260 _aLa Paz (Bolivia)
_bEditorial Los Amigos del Libro
_c1975
300 _a540 páginas
504 _aBibliografía: p. 531-[535]
650 0 4 _aGuerra del Chaco, 1932-1935
651 7 _aBolivia
_xHistoria
_y1870-1935
_926818
651 7 _aParaguay
_xHistoria
_y1870-1935
_927218
942 _cLIBRO
_a8
_e2
_mQ311
_2DEWEY
_h989.20716
999 _c61871
_d61871